Prodromo della flora Cirenaica /

محفوظ في:

المؤلف الرئيسي: Pampanini, R. 1875-1949. (مؤلف)

التنسيق: كتاب

اللغة: Italian

الموضوعات:

الوسوم: إضافة وسم

لا توجد وسوم, كن أول من يضع وسما على هذه التسجيلة!

رقم الطلب: QK388 .P25

LEADER 00815namaa2200217 4500
003 OSt
005 20200322145744.0
008 130303s1930 it af g b 001 0 ita d
952 |0 0  |1 0  |2 lcc  |4 0  |6 QK0388 P25  |7 1  |9 421  |a ARCE  |b ARCE  |d 2020-03-15  |l 0  |o QK388 .P25  |p 1036628  |r 2020-03-15 00:00:00  |w 2020-03-15  |y BK 
999 |c 1354  |d 1354 
040 |c ARCE Library 
050 0 4 |a QK388 .P25 
100 1 |a Pampanini, R.  |q (Renato),  |d 1875-1949.   |e author  |9 37267 
245 1 0 |a Prodromo della flora Cirenaica /  |c R. Pampanini. 
264 1 |a Forli :  |b Tipografia Valbonesi,  |c 1930. 
300 |a xxxviii, 577 pages :  |b illustrations, 6 plates ;  |c 25 cm. 
500 |a At head of title : Ministero delle colonie. 
504 |a Includes bibliographical references (pages [517]-527) and index.  
650 0 |a Plants. 
901 |a reviewed 
942 |c BK  |2 lcc